|
|
|
|
| LEADER |
01130nam a22002657a 4500 |
| 001 |
32408 |
| 003 |
BD-DhAAL |
| 005 |
20171129142922.0 |
| 008 |
171129t2011 bg |||| |||| 00| 0 eng d |
| 999 |
|
|
|c 38681
|d 38681
|
| 020 |
|
|
|a 9847030501090
|
| 040 |
|
|
|a BD-DhAAL
|
| 082 |
|
|
|2 23
|a 346.73095492
|
| 100 |
|
|
|a Islam, A.K.M. Alimul
|9 24110
|
| 245 |
|
|
|a Cybersquatting in Bangladesh /
|c A.K.M. Alimul Islam
|
| 260 |
|
|
|a Dhaka :
|b Isamoti Prokashani,
|c 2011
|
| 300 |
|
|
|a 80 pages :
|c 22 cm.
|
| 504 |
|
|
|a Includes bibliographical references (pages [78]-80)
|
| 526 |
|
|
|a AAL
|
| 541 |
|
|
|a Complementary copy
|e 32408
|
| 650 |
|
|
|a Internet domain names
|x Law and legislation
|z Bangladesh
|9 24111
|
| 852 |
|
|
|a Ayesha Abed Library
|c General Stacks
|
| 942 |
|
|
|2 ddc
|c BK
|
| 952 |
|
|
|0 0
|1 0
|2 ddc
|4 0
|6 346_730954920000000_ISL
|7 0
|9 62071
|a BRACUL
|b BRACUL
|c GEN
|d 2017-11-29
|e Complementary copy
|l 0
|o 346.73095492 ISL
|p 3010032408
|r 2017-11-29
|t 1
|w 2017-11-29
|y BK
|
| 952 |
|
|
|0 0
|1 4
|2 ddc
|4 0
|6 346_730954920000000_ISL
|7 0
|9 62292
|a BRACUL
|b BRACUL
|c GEN
|d 2017-11-29
|e Complementary copy
|l 0
|o 346.73095492 ISL
|p 3010032409
|r 2017-12-12
|t 2
|w 2017-11-29
|y BK
|x Koha Inventory 2020
|